00426nam a2200169Ia 450000500170000000800410001702000140005804000190007204100120009108200110010310000170011424500350013126000450016630000120021165000230022385000100024620231012104505.0131103s9999 xx 000 0 und d a586056440 aLoreto College aEnglish aFbSCO aScott,Justin 2aA pride of kingscJustin Scott aLondonbPanther/Granada Publishingc1982 a620 p.  aFiction in English aLCLIB